| 000 | 00800cam a2200217 4500 | ||
|---|---|---|---|
| 001 | ABS65531 | ||
| 008 | 020514n2002 000 0 eng u | ||
| 035 | _a(Sirsi) u117959 | ||
| 245 | _aPeripheral sites take a more central role | ||
| 260 | _c2002 | ||
| 490 |
_aEuroProperty _vMay 2002, 40-41(2) |
||
| 520 | _aDiscusses development in Madrid's commercial property market. The creation of Urban Action Plan areas(PAUs) means that new business parks can be developed. This signals a trend away from central high-density buildings to peripheral sites becoming more important. Tables. | ||
| 590 | _aABS | ||
| 650 | _aMADRID | ||
| 650 | _aSPAIN | ||
| 650 | _aBUSINESS PARKS | ||
| 650 | _aDEVELOPMENT | ||
| 650 | _aPROPERTY-COMMERCIAL PROPERTY | ||
| 690 | _aINTERNATIONAL-EUROPE | ||
| 942 | _n0 | ||
| 999 |
_c70250 _d70250 |
||